Platón, Timeo
Guardat en:
| Autor principal: | |
|---|---|
| Format: | Llibre |
| Idioma: | espanyol |
| Publicat: |
Santiago
Universidad Católica de Chile
2004
|
| Edició: | 1a. ed |
| Col·lecció: | Lecciones
|
| Matèries: | |
| Etiquetes: |
Afegir etiqueta
Sense etiquetes, Sigues el primer a etiquetar aquest registre!
|
MARC
| LEADER | 00000nam a2200000 a 4500 | ||
|---|---|---|---|
| 001 | UCL8714 | ||
| 003 | CL-VaPUC | ||
| 008 | 040702e20040000CL |||||||||||||||||spa|d | ||
| 020 | |a 9561407361 | ||
| 082 | 0 | 4 | |a 184 |b VEL |2 21 |
| 100 | 0 | |a Velásquez, Oscar |e author |9 486677 | |
| 245 | 1 | 0 | |a Platón, Timeo |
| 250 | |a 1a. ed | ||
| 300 | |a 262 p | ||
| 942 | |c BK | ||
| 945 | |d 20040702 00:00:00 |a cmena | ||
| 260 | |a Santiago |b Universidad Católica de Chile |c 2004 | ||
| 600 | 0 | 7 | |a PLATON |2 CL-VaPUC |9 222 |
| 650 | 0 | |a Filosofía antigua |9 255705 | |
| 583 | |a last modification |c 20040702 00:00:00 |k Rodrigo Vera | ||
| 490 | 0 | |a Lecciones | |
| 999 | |c 309885 |d 309883 | ||
| 952 | |0 0 |1 0 |4 0 |6 184_000000000000000_VEL_2004 |7 0 |8 A |9 377731 |a BIBEDU |b BIBEDU |d 2019-11-21 |i 4032896 |o 184 VEL 2004 |p 4032896 |r 2019-11-21 |w 2019-11-21 |y BK |k FIL | ||
| 952 | |0 0 |1 0 |4 0 |6 184_000000000000000_VEL_2004 |7 0 |8 A |9 377732 |a BIBEDU |b BIBEDU |d 2019-11-21 |i 4629884 |l 5 |m 3 |o 184 VEL 2004 |p 4629884 |r 2024-10-07 |s 2024-10-04 |w 2019-11-21 |y BK |k FIL | ||